00690nam a2200193Ia 4500952013700000999001700137003000400154005001700158008004100175020001800216040000900234082002200243100002500265245008800290260004700378300000900425650001200434942005000446 00102ddc40708HISTORYaMESbMEScHISd2019-02-20g355.00l0o954.035092 BOS/Ep35783r2019-02-20 00:00:00w2019-02-20yBKzGL37R2 c21529d21529OSt20200625095005.0190216s9999||||xx |||||||||||||| ||und|| a9780195648546 coclc a954.035092bBOS/E aBose, Sisir K 93215 4aThe Essential Writings Of Netaji Subhas Chandra Bose /cSisir K. Bose ; Sugata Bose bOxford India Paperback,c2011.aNew Delhi: a338p aHistory cBK2ddch954.035092iBOS/Ek954.035092mBOS/E